Online Catalogue and eLibrary

Industria women workers in Asia (Record no. 2709)

MARC details
000 -LEADER
fixed length control field 00349nam a2200145Ia 4500
005 - DATE AND TIME OF LATEST TRANSACTION
control field 20240418014944.0
008 - FIXED-LENGTH DATA ELEMENTS--GENERAL INFORMATION
fixed length control field 240331s9999 xx 000 0 und d
082 ## - DDC Classification
Item Number - Author Mark IND
Class No. 331.4
100 ## - MAIN ENTRY--PERSONAL NAME
Personal name ISIS
245 #0 - TITLE STATEMENT
Title Industria women workers in Asia
260 ## - PUBLICATION, DISTRIBUTION, ETC.
Place of publication, distribution, etc. Italy :
Name of publisher, distributor, etc. Isis International /
Date of publication, distribution, etc. 1985
300 ## - PHYSICAL DESCRIPTION
Extent (e.g. Volumes, Pages etc.) 160 p .,
650 ## - SUBJECT ADDED ENTRY--TOPICAL TERM
Topical term or geographic name entry element Women
942 ## - Koha item type (Biblio)
Koha item type Books in Stacks (Lending)
Holdings
Lost status Damaged status Collection code Home library Current library Shelving location Date acquired Full call number Accession Number Item type
    Lending WERC Library WERC Library Social Science Cupboard 03/31/2024 331.4 IND 376 Books in Stacks (Lending)

© WERC Library